000 00718nam a2200229 i 4500
001 16767
003 ES-MaACL
005 20230906151407.0
007 t|
008 001103s1988 sp ||||1| spa d
080 _a75 López Mora, Isabel (064.3)
100 1 _aLópez Mora, Isabel.
_973793
245 1 0 _aObra reciente /
_cIsabel López Mora.
260 _a[Madrid :
_bGalería Victor Martín,
_c1988]
300 _a[20] p. :
_bil. col. ;
_c27 cm.
600 1 4 _aLópez Mora, Isabel-
_vExposiciones.
_973794
655 7 _2tgfbne
_9193628
_aCatálogos de exposiciones
710 2 _aGalería Víctor Martín.
_94448
852 _aES-MaACL
_j2155-F-9
_bR.11589
942 _2udc
999 _c16767
_d16767